[Event "Gabicce Mare op 1st"]
[Site "Gabicce Mare"]
[Date "2013.01.04"]
[Round "5"]
[White "Formento, Paolo"]
[Black "Fronzi, Ettore"]
[Result "1-0"]
[WhiteElo "2184"]
[BlackElo "1925"]
[PlyCount "141"]
[EventDate "2013.01.02"]
[EventType "swiss"]
[EventRounds "9"]
[EventCountry "ITA"]
[SourceTitle "EXT 2015"]
[Source "ChessBase"]
[SourceDate "2014.11.20"]
[SourceVersion "1"]
[SourceVersionDate "2014.11.20"]
[SourceQuality "1"]

1. e4 e6 2. d4 d5 3. Nd2 dxe4 4. Nxe4 Bd7 5. Nf3 Bc6 6. Bd3 Nd7 7. Qe2 Ngf6 8. Nxf6+ Nxf6 9. Bd2 Be7 10. c3 Bxf3 11. Qxf3 c6 12. 0-0 0-0 13. Rfe1 Qd5 14. Qh3 Qh5 15. Qg3 Qd5 16. Bc2 Rfd8 17. Re5 Qd7 18. Bh6 g6 19. Qf3 Ne8 20. Bb3 Bf6 21. Re4 Qe7 22. Rae1 Nc7 23. Qg3 Rd7 24. h4 Bg7 25. Bg5 Qf8 26. h5 Re8 27. Qh3 Nd5 28. Qh4 f6 29. hxg6 hxg6 30. Bc1 Qf7 31. Qh3 f5 32. R4e2 Bf6 33. Bc2 Rde7 34. g4 Qh7 35. Qg3 Qh4 36. Qxh4 Bxh4 37. g5 b5 38. Kg2 Kg7 39. Rh1 Rh8 40. Bb3 Rh5 41. Bxd5 cxd5 42. f4 Kf7 43. Re3 Re8 44. Reh3 Reh8 45. Bd2 Kg7 46. Kf3 Kf7 47. b3 Ke7 48. a4 bxa4 49. bxa4 Kd7 50. Rb1 Kc7 51. Rhh1 Rb8 52. a5 Rxb1 53. Rxb1 Rh7 54. a6 Kc8 55. Kg2 Rf7 56. Rh1 Bxg5 57. fxg5 Kc7 58. Rb1 Kc6 59. Rb8 Rg7 60. Bf4 Rh7 61. Re8 Rh4 62. Rxe6+ Kd7 63. Rd6+ Ke7 64. Bg3 Rg4 65. Rxg6 f4 66. Rg7+ Ke6 67. g6 Rxg3+ 68. Kf2 Kf6 69. Rxa7 Kxg6 70. Ra8 Rxc3 71. a7 1-0

[Event "Novara op 1st"]
[Site "Novara"]
[Date "2011.11.05"]
[Round "2"]
[White "Ranieri, Fabrizio"]
[Black "Fronzi, Ettore"]
[Result "1-0"]
[WhiteElo "2279"]
[BlackElo "1986"]
[PlyCount "104"]
[EventDate "2011.11.04"]
[EventType "swiss"]
[EventRounds "5"]
[EventCountry "ITA"]
[SourceTitle "EXT 2012"]
[Source "ChessBase"]
[SourceDate "2011.11.24"]
[SourceVersion "1"]
[SourceVersionDate "2011.11.24"]
[SourceQuality "1"]

1. e4 e6 2. d4 d5 3. Nc3 dxe4 4. Nxe4 Bd7 5. Nf3 Bc6 6. Bd3 Nd7 7. 0-0 Ngf6 8. Qe2 Bxe4 9. Bxe4 Nxe4 10. Qxe4 c6 11. Qg4 Qf6 12. c4 Be7 13. d5 h6 14. dxe6 Qxe6 15. Qxg7 Bf6 16. Qg3 0-0-0 17. Qf4 Nb6 18. Re1 Bg5 19. Rxe6 Bxf4 20. Re1 Bxc1 21. Raxc1 Rhe8 22. b3 Nd7 23. h3 Nc5 24. Rxe8 Rxe8 25. Re1 Rxe1+ 26. Nxe1 b5 27. cxb5 cxb5 28. f3 b4 29. Kf2 a5 30. Ke3 Kd7 31. Kd4 Kd6 32. Nd3 Ne6+ 33. Kc4 Nc7 34. f4 f6 35. g3 Kc6 36. Nf2 Nd5 37. Nd1 h5 38. h4 Kd6 39. Kd4 Nc7 40. Ne3 Ne6+ 41. Kc4 Nc5 42. Nf5+ Kc6 43. Ng7 Ne4 44. Nxh5 f5 45. Kd4 Kd6 46. g4 Nc3 47. g5 Nxa2 48. Ng7 Nc1 49. Kc4 Ne2 50. Nxf5+ Kd7 51. g6 Ke8 52. Nd6+ Ke7 1-0

[Event "Porto San Giorgio Weekend-A 13th"]
[Site "Porto San Giorgio"]
[Date "2010.11.28"]
[Round "6"]
[White "Fronzi, Ettore"]
[Black "Briffault, Philippe"]
[Result "0-1"]
[WhiteElo "2024"]
[BlackElo "1961"]
[PlyCount "72"]
[EventDate "2010.11.20"]
[EventType "swiss"]
[EventRounds "6"]
[EventCountry "ITA"]
[SourceTitle "EXT 2024"]
[Source "ChessBase"]
[SourceDate "2023.10.10"]
[SourceVersion "1"]
[SourceVersionDate "2023.10.10"]
[SourceQuality "1"]

1. d4 Nf6 2. c4 g6 3. Nc3 Bg7 4. e4 d6 5. Nf3 0-0 6. Be2 Nbd7 7. 0-0 e5 8. Be3 Ng4 9. Bg5 f6 10. Bc1 c6 11. h3 Nh6 12. Be3 Nf7 13. Qc1 Qe7 14. Ne1 f5 15. dxe5 dxe5 16. f3 f4 17. Bf2 g5 18. Nd3 h5 19. b4 Nh6 20. Qe1 Rf6 21. Qd1 Rg6 22. Rb1 Nf6 23. Bc5 Qe8 24. b5 g4 25. hxg4 hxg4 26. Nb4 g3 27. bxc6 bxc6 28. Qd6 Nxe4 29. fxe4 Rxd6 30. Bxd6 Qd8 31. Bc5 Qh4 32. Rfd1 Qh2+ 33. Kf1 Qh1+ 34. Bg1 Bg4 35. Rd2 f3 36. Bxf3 Bxf3 0-1

[Event "Cattolica op"]
[Site "Cattolica"]
[Date "2005.06.17"]
[Round "7"]
[White "Fronzi, Ettore"]
[Black "Solaroli, Riccardo"]
[Result "0-1"]
[WhiteElo "1790"]
[BlackElo "1963"]
[PlyCount "90"]
[EventDate "2005.06.11"]
[EventType "swiss"]
[EventRounds "9"]
[EventCountry "ITA"]
[SourceTitle "EXT 2007"]
[Source "ChessBase"]
[SourceDate "2006.11.23"]
[SourceVersion "1"]
[SourceVersionDate "2006.11.23"]
[SourceQuality "1"]

1. d4 Nf6 2. Nf3 g6 3. c4 Bg7 4. g3 d5 5. cxd5 Nxd5 6. e4 Nb6 7. h3 0-0 8. a4 a5 9. Be3 Nc6 10. Nc3 e5 11. Nb5 Nxd4 12. Nfxd4 exd4 13. Nxd4 Re8 14. f3 Qd6 15. Kf2 Rd8 16. Nb5 Qxd1 17. Rxd1 Rxd1 18. Nxc7 Bd4 19. Bxd4 Rxd4 20. Nxa8 Nxa8 21. Bb5 Bd7 22. Ke3 Rd6 23. e5 Rd5 24. Ke4 Nb6 25. Bxd7 Rxd7 26. b3 Rc7 27. Rb1 Kf8 28. g4 Ke7 29. h4 Nd7 30. g5 Ke6 31. f4 Nc5+ 32. Kd4 Kf5 33. Ke3 Rd7 34. b4 Rd3+ 35. Ke2 axb4 36. Rxb4 Rh3 37. Rb5 Nxa4 38. Rxb7 Ke6 39. Ra7 Nc3+ 40. Kd2 Ne4+ 41. Ke2 Nc3+ 42. Kd2 Nd5 43. Ra6+ Kf5 44. Ra7 Rxh4 45. Rxf7+ Ke6 0-1

[Event "Cattolica op"]
[Site "Cattolica"]
[Date "2005.06.12"]
[Round "2"]
[White "Fronzi, Ettore"]
[Black "Safranska, Anda"]
[Result "0-1"]
[WhiteElo "1790"]
[BlackElo "2298"]
[PlyCount "66"]
[EventDate "2005.06.11"]
[EventType "swiss"]
[EventRounds "9"]
[EventCountry "ITA"]
[SourceTitle "EXT 2007"]
[Source "ChessBase"]
[SourceDate "2006.11.23"]
[SourceVersion "1"]
[SourceVersionDate "2006.11.23"]
[SourceQuality "1"]

1. d4 g6 2. Nf3 Bg7 3. g3 Nf6 4. Bg2 d6 5. c4 0-0 6. Nc3 Nc6 7. e4 Bg4 8. Be3 e5 9. d5 Nd4 10. h3 Bxf3 11. Bxf3 c5 12. 0-0 Ne8 13. Bg2 f5 14. exf5 gxf5 15. f4 a6 16. a4 Nf6 17. a5 Qe7 18. Kh2 Rae8 19. Rb1 Qd8 20. Qa4 exf4 21. Bxf4 Nh5 22. b4 Nxf4 23. gxf4 Re3 24. Nd1 Re7 25. bxc5 dxc5 26. Rb6 Rf6 27. Rxf6 Bxf6 28. Qa3 Qc7 29. Kh1 Ne2 30. Qd3 Bd4 31. Kh2 Nxf4 32. d6 Qxd6 33. Qxf5 Ne2+ 0-1

[Event "ITA-chT UISP 23rd"]
[Site "Rimini"]
[Date "2002.12.??"]
[Round "3"]
[White "Bongiovanni, Marco"]
[Black "Fronzi, Ettore"]
[Result "1/2-1/2"]
[WhiteElo "1708"]
[BlackElo "1618"]
[PlyCount "54"]
[EventDate "2002.12.??"]
[EventType "team"]
[EventRounds "6"]
[EventCountry "ITA"]
[SourceTitle "EXT 2024"]
[Source "ChessBase"]
[SourceDate "2023.10.10"]
[SourceVersion "1"]
[SourceVersionDate "2023.10.10"]
[SourceQuality "1"]

1. e4 d5 2. exd5 Qxd5 3. Nc3 Qa5 4. d4 c6 5. Nf3 Nf6 6. Be2 Nbd7 7. 0-0 e6 8. Bd2 Qc7 9. Re1 Bd6 10. Bg5 b6 11. Bd3 Bb7 12. Ne4 Nxe4 13. Bxe4 h6 14. Bh4 g5 15. Bg3 Bxg3 16. fxg3 0-0-0 17. c4 c5 18. Bxb7+ Qxb7 19. b4 cxb4 20. a3 b3 21. Qxb3 e5 22. Nxe5 Nxe5 23. dxe5 Rd2 24. Qf3 Qxf3 25. gxf3 Rhd8 26. e6 fxe6 27. Rxe6 Rc2 1/2-1/2